[Event "HUN-chT2 Asztalos 1617"]
[Site "Hungary"]
[Date "2016.10.30"]
[Round "3.2"]
[White "Varadi, Benedek"]
[Black "Mathe, Gaspar"]
[Result "0-1"]
[WhiteElo "2057"]
[BlackElo "2313"]
[PlyCount "114"]
[EventDate "2016.09.25"]
[EventType "team-tourn"]
[EventRounds "11"]
[EventCountry "HUN"]
[SourceTitle "EXT 2021"]
[Source "ChessBase"]
[SourceDate "2020.10.23"]
[SourceVersion "1"]
[SourceVersionDate "2020.10.23"]
[SourceQuality "1"]
[WhiteTeam "Decs 1990 II"]
[BlackTeam "Nagyatad"]
[WhiteTeamCountry "HUN"]
[BlackTeamCountry "HUN"]

1. d4 Nf6 2. c4 e6 3. Nf3 b6 4. Nbd2 c5 5. e3 Bb7 6. Bd3 cxd4 7. exd4 Be7 8. 0-0 0-0 9. b3 d5 10. Qe2 Nc6 11. Bb2 Rc8 12. Rac1 Bd6 13. Ne5 Ne7 14. Rfe1 Ng6 15. Nxg6 hxg6 16. Nf1 Qd7 17. Ng3 Rfe8 18. Qe3 dxc4 19. bxc4 e5 20. dxe5 Bxe5 21. Bxe5 Ng4 22. Qf4 Nxe5 23. Rxe5 Rxe5 24. Qxe5 Qxd3 25. h3 Qd7 26. Qe3 Qc6 27. f3 Qc5 28. Kf2 Bd5 29. Ne4 Qxe3+ 30. Kxe3 Rxc4 31. Rxc4 Bxc4 32. a3 Kf8 33. g3 Ke7 34. Kd4 Bf1 35. h4 Be2 36. Ke3 Bb5 37. g4 Bc6 38. Nd2 Bd5 39. Kd4 Kd6 40. f4 b5 41. Nf1 a5 42. Ne3 Be6 43. f5 gxf5 44. gxf5 Bd7 45. f6 g6 46. Nd5 Ke6 47. Kc5 Ke5 48. Nb6 Be8 49. Nd5 a4 50. Nc7 Bd7 51. Nxb5 Kxf6 52. Nd6 Ke6 53. Nc4 f6 54. Ne3 Ke5 55. Kc4 Be6+ 56. Kd3 Kf4 57. Ke2 Kg3 0-1

[Event "HUN-chT2 Asztalos 1516"]
[Site "Hungary"]
[Date "2016.04.03"]
[Round "10.1"]
[White "Janoshalmi, Attila"]
[Black "Varadi, Benedek"]
[Result "0-1"]
[WhiteElo "2253"]
[BlackElo "2047"]
[PlyCount "76"]
[EventDate "2015.09.13"]
[EventType "team-tourn"]
[EventRounds "11"]
[EventCountry "HUN"]
[SourceTitle "EXT 2017"]
[Source "ChessBase"]
[SourceDate "2016.10.25"]
[SourceVersion "1"]
[SourceVersionDate "2016.10.25"]
[SourceQuality "1"]
[WhiteTeam "Kiraly Sakk"]
[BlackTeam "Decs 1990 II"]
[WhiteTeamCountry "HUN"]
[BlackTeamCountry "HUN"]

1. c4 Nf6 2. g3 g6 3. Bg2 Bg7 4. Nc3 0-0 5. e4 c5 6. Nge2 Nc6 7. 0-0 d6 8. d3 Rb8 9. Rb1 a6 10. f4 Nd7 11. Kh1 Nd4 12. Bd2 b5 13. Nxd4 cxd4 14. Ne2 bxc4 15. dxc4 Qc7 16. b3 Bb7 17. g4 f5 18. gxf5 gxf5 19. Ng3 fxe4 20. Nxe4 Nc5 21. Ng5 h6 22. b4 hxg5 23. bxc5 Bxg2+ 24. Kxg2 Qc6+ 25. Kg1 d3 26. Be3 Qe4 27. Bf2 Rxb1 28. Qxb1 Rxf4 29. cxd6 Rg4+ 30. Bg3 Bd4+ 31. Rf2 Bxf2+ 32. Kxf2 Qe2+ 33. Kg1 exd6 34. Qb8+ Kf7 35. Qxd6 Qe3+ 36. Kg2 Qe4+ 37. Kh3 Rh4+ 38. Bxh4 g4+ 0-1

[Event "HUN-chT2 Charousek 1415"]
[Site "Hungary"]
[Date "2014.12.14"]
[Round "4"]
[White "Varadi, Benedek"]
[Black "Thurmer, Jeno"]
[Result "0-1"]
[WhiteElo "2181"]
[BlackElo "2093"]
[PlyCount "50"]
[EventDate "2014.10.12"]
[EventType "team-tourn"]
[EventRounds "9"]
[EventCountry "HUN"]
[SourceTitle "EXT 2016"]
[Source "ChessBase"]
[SourceDate "2015.10.08"]
[SourceVersion "1"]
[SourceVersionDate "2015.10.08"]
[SourceQuality "1"]
[WhiteTeam "Decs"]
[BlackTeam "Komlo"]
[WhiteTeamCountry "HUN"]
[BlackTeamCountry "HUN"]

1. d4 Nf6 2. c4 c5 3. Nf3 cxd4 4. Nxd4 e5 5. Nc2 d5 6. cxd5 Qxd5 7. Bd2 Bc5 8. Nc3 Qc6 9. b4 Bb6 10. e4 0-0 11. Bb5 Qe6 12. Qe2 Nc6 13. Bd3 Rd8 14. b5 Nd4 15. Nxd4 Bxd4 16. 0-0 Qd6 17. Rac1 Bg4 18. Qe1 Be6 19. Bb1 Bc4 20. Ne2 Bxb5 21. Bb4 Qa6 22. Rc2 Nxe4 23. Kh1 Nxf2+ 24. Rxf2 Bxf2 25. Qxf2 Rd1+ 0-1

[Event "HUN-chT 1314"]
[Site "Hungary"]
[Date "2014.03.23"]
[Round "7"]
[White "Varadi, Benedek"]
[Black "Gara, Ticia"]
[Result "0-1"]
[WhiteElo "2132"]
[BlackElo "2349"]
[PlyCount "88"]
[EventDate "2013.09.08"]
[EventType "team-tourn"]
[EventRounds "9"]
[EventCountry "HUN"]
[SourceTitle "EXT 2015"]
[Source "ChessBase"]
[SourceDate "2014.11.20"]
[SourceVersion "1"]
[SourceVersionDate "2014.11.20"]
[SourceQuality "1"]
[WhiteTeam "Decs"]
[BlackTeam "Aquaprofit"]
[WhiteTeamCountry "HUN"]
[BlackTeamCountry "HUN"]

1. d4 Nf6 2. c4 g6 3. Nc3 d5 4. cxd5 Nxd5 5. e4 Nxc3 6. bxc3 Bg7 7. Bc4 c5 8. Ne2 Nc6 9. Be3 0-0 10. 0-0 Bg4 11. f3 Bd7 12. Qd2 Qa5 13. Rfd1 Rfd8 14. Rab1 cxd4 15. cxd4 Qxd2 16. Rxd2 Na5 17. Bd3 e6 18. Rc1 Rac8 19. Rdc2 Rxc2 20. Rxc2 Nc6 21. Bg5 Rc8 22. Be3 Nb4 23. Rxc8+ Bxc8 24. Bb1 b6 25. a3 Nc6 26. Bd3 Kf8 27. Kf1 Ke7 28. Ke1 Kd7 29. Kd2 Bf8 30. a4 Bb4+ 31. Kc2 Bd6 32. Bb5 a6 33. Bxc6+ Kxc6 34. f4 b5 35. axb5+ Kxb5 36. d5 exd5 37. Nc3+ Kc4 38. Nxd5 Bb7 39. Nb6+ Kb5 40. e5 Bc7 41. Nd7 Bxg2 42. Nf8 h5 43. Nh7 a5 44. e6 fxe6 0-1

[Event "Pula op 27th"]
[Site "Pula"]
[Date "2013.06.09"]
[Round "2"]
[White "Varadi, Benedek"]
[Black "Zelbel, Patrick"]
[Result "1/2-1/2"]
[WhiteElo "2106"]
[BlackElo "2397"]
[PlyCount "86"]
[EventDate "2013.06.08"]
[EventType "swiss"]
[EventRounds "9"]
[EventCountry "CRO"]
[SourceTitle "CBM 154 Extra"]
[Source "ChessBase"]
[SourceDate "2013.06.25"]
[SourceVersion "2"]
[SourceVersionDate "2013.06.25"]
[SourceQuality "1"]

1. d4 g6 2. c4 Bg7 3. Nc3 c5 4. Nf3 d6 5. e4 Qa5 6. Be3 Bg4 7. Be2 Nc6 8. d5 Bxf3 9. Bxf3 Ne5 10. Qb3 Nxf3+ 11. gxf3 Rb8 12. Qb5+ Qxb5 13. cxb5 Nf6 14. Ke2 Nd7 15. Rhc1 Nb6 16. b3 e6 17. dxe6 fxe6 18. a4 a6 19. a5 Nd7 20. bxa6 bxa6 21. Rab1 0-0 22. Na2 Rb5 23. Bd2 Ne5 24. f4 Nc6 25. b4 Rfb8 26. Kf1 Nxa5 27. Rc2 Bf8 28. Rd1 cxb4 29. Bxb4 Rxb4 30. Nxb4 Rxb4 31. e5 d5 32. Rc8 Rxf4 33. Ra1 Nb3 34. Rxa6 Nc5 35. Raa8 Nd3 36. Re8 Rxf2+ 37. Kg1 Rf5 38. Rxe6 Rxe5 39. Rf6 Rg5+ 40. Kh1 Kg7 41. Raxf8 Ne5 42. Rf4 d4 43. Re8 Rg4 1/2-1/2

[Event "Balatonalmadi Pannonia Cup 17th"]
[Site "Balatonalmadi"]
[Date "2012.07.26"]
[Round "2"]
[White "Rigo, Janos"]
[Black "Varadi, Benedek"]
[Result "1-0"]
[WhiteElo "2297"]
[BlackElo "2068"]
[PlyCount "127"]
[EventDate "2012.07.25"]
[EventType "swiss"]
[EventRounds "7"]
[EventCountry "HUN"]
[SourceTitle "EXT 2016"]
[Source "ChessBase"]
[SourceDate "2015.10.08"]
[SourceVersion "1"]
[SourceVersionDate "2015.10.08"]
[SourceQuality "1"]

1. e4 c5 2. Nf3 Nc6 3. d4 cxd4 4. Nxd4 e6 5. Nc3 Qc7 6. Be2 a6 7. 0-0 Nf6 8. a4 Bb4 9. Nxc6 bxc6 10. Bd3 d5 11. Qe2 Bxc3 12. bxc3 dxe4 13. Bxe4 Nxe4 14. Qxe4 Bb7 15. Rb1 Rd8 16. Ba3 Rd7 17. Bc5 Rd5 18. Qe3 h5 19. c4 Rd7 20. Rfd1 Rh6 21. Rd3 Rxd3 22. cxd3 f5 23. Bd4 c5 24. Be5 Qc6 25. f3 Rg6 26. Kf1 h4 27. h3 Ba8 28. a5 Kf7 29. Rb8 Ke7 30. Rb6 Qa4 31. Qxc5+ Kf7 32. Qc7+ Kg8 33. Qd8+ Kf7 34. Rb2 Qd1+ 35. Kf2 Rxg2+ 36. Kxg2 Qxf3+ 37. Kg1 Qd1+ 38. Kf2 Qf3+ 39. Ke1 Qe3+ 40. Kd1 Bf3+ 41. Kc2 Qxe5 42. Kb3 Bd1+ 43. Ka2 Bf3 44. d4 Qe3 45. d5 exd5 46. cxd5 Qc5 47. Qd7+ Kg6 48. Rb6+ Kg5 49. Qxg7+ Kf4 50. Qh6+ Ke4 51. Qxh4+ f4 52. Qh7+ Kd4 53. Qg7+ Kd3 54. Rb3+ Ke4 55. Qg6+ Ke5 56. Qe6+ Kd4 57. Qf6+ Ke4 58. Qc3 Qxc3 59. Rxc3 Be2 60. d6 Bb5 61. Rc7 f3 62. d7 f2 63. d8Q f1Q 64. Re7+ 1-0

[Event "HUN-ch U16"]
[Site "Balatonlelle"]
[Date "2012.06.28"]
[Round "7"]
[White "Galambos, Menyhert"]
[Black "Varadi, Benedek"]
[Result "1/2-1/2"]
[WhiteElo "1988"]
[BlackElo "2069"]
[PlyCount "120"]
[EventDate "2012.06.22"]
[EventType "tourn"]
[EventRounds "9"]
[EventCountry "HUN"]
[SourceTitle "EXT 2014"]
[Source "ChessBase"]
[SourceDate "2013.11.20"]
[SourceVersion "1"]
[SourceVersionDate "2013.11.20"]
[SourceQuality "1"]

1. d4 Nf6 2. c4 e6 3. Nc3 Bb4 4. Qc2 0-0 5. a3 Bxc3+ 6. Qxc3 d5 7. Bg5 Nbd7 8. cxd5 exd5 9. e3 h6 10. Bh4 c6 11. Bd3 Qb6 12. Nf3 Ne4 13. Bxe4 dxe4 14. Nd2 c5 15. d5 Qd6 16. Qb3 Re8 17. Bg3 Qg6 18. Nc4 b6 19. Qa4 Rd8 20. Rd1 Nf6 21. Nxb6 Bd7 22. Nxd7 Rxd7 23. Qc6 Rad8 24. d6 Nh5 25. Qxc5 Nxg3 26. hxg3 Rxd6 27. Rxd6 Qxd6 28. Qxd6 Rxd6 29. Rh4 f5 30. Rf4 Rb6 31. b4 Ra6 32. Rxf5 Rxa3 33. Rf4 Ra1+ 34. Kd2 Ra2+ 35. Kc3 g5 36. Rxe4 Rxf2 37. Re7 Rxg2 38. Rxa7 Rxg3 39. Kd4 Rg1 40. b5 Rb1 41. Kc5 Rc1+ 42. Kd6 Rb1 43. Kc6 Rc1+ 44. Kd7 g4 45. b6 Rb1 46. Kc7 g3 47. Ra4 Rc1+ 48. Kd6 Rd1+ 49. Rd4 Rxd4+ 50. exd4 g2 51. b7 g1Q 52. b8Q+ Kg7 53. Qb7+ Kg6 54. Qe4+ Kg7 55. Ke6 Qf2 56. Qe5+ Kg6 57. Qe4+ Kg7 58. Qg4+ Kf8 59. d5 Qf7+ 60. Ke5 Qe7+ 1/2-1/2

[Event "HUN-ch U16"]
[Site "Balatonlelle"]
[Date "2012.06.24"]
[Round "3"]
[White "Varadi, Benedek"]
[Black "Nemeth, Gergely"]
[Result "1/2-1/2"]
[WhiteElo "2069"]
[BlackElo "1986"]
[PlyCount "28"]
[EventDate "2012.06.22"]
[EventType "tourn"]
[EventRounds "9"]
[EventCountry "HUN"]
[SourceTitle "EXT 2014"]
[Source "ChessBase"]
[SourceDate "2013.11.20"]
[SourceVersion "1"]
[SourceVersionDate "2013.11.20"]
[SourceQuality "1"]

1. e4 e5 2. Nf3 Nf6 3. Nxe5 d6 4. Nf3 Nxe4 5. d3 Nf6 6. d4 d5 7. Bd3 Nc6 8. h3 Bd6 9. 0-0 h6 10. Re1+ Be6 11. Nc3 Qd7 12. Ne5 Qc8 13. Nxc6 bxc6 14. Bf5 0-0 1/2-1/2

[Event "HUN-ch U16"]
[Site "Balatonlelle"]
[Date "2012.06.22"]
[Round "1"]
[White "Varadi, Benedek"]
[Black "Nemeti, Kornel"]
[Result "1-0"]
[WhiteElo "2069"]
[BlackElo "1907"]
[PlyCount "57"]
[EventDate "2012.06.22"]
[EventType "tourn"]
[EventRounds "9"]
[EventCountry "HUN"]
[SourceTitle "EXT 2014"]
[Source "ChessBase"]
[SourceDate "2013.11.20"]
[SourceVersion "1"]
[SourceVersionDate "2013.11.20"]
[SourceQuality "1"]

1. d4 d5 2. c4 e6 3. Nf3 Nf6 4. Nc3 c5 5. cxd5 Nxd5 6. e4 Nxc3 7. bxc3 cxd4 8. cxd4 Bb4+ 9. Bd2 Qa5 10. Rb1 Bxd2+ 11. Qxd2 Qxd2+ 12. Kxd2 b6 13. Bb5+ Bd7 14. Rhc1 Ke7 15. a4 Rc8 16. Ne5 Rxc1 17. Rxc1 Bxb5 18. axb5 f6 19. Nd3 Kd7 20. Nf4 g5 21. Nh5 f5 22. Nf6+ Kd8 23. Nxh7 g4 24. Nf8 a6 25. Nxe6+ Kd7 26. Nc7 Ra7 27. Nxa6 Nxa6 28. Ra1 Ra8 29. Rxa6 1-0

[Event "HUN-chT2 Asztalos 1112"]
[Site "Hungary"]
[Date "2011.10.30"]
[Round "2.3"]
[White "Illes, Attila"]
[Black "Varadi, Benedek"]
[Result "0-1"]
[WhiteElo "2077"]
[BlackElo "1941"]
[PlyCount "64"]
[EventDate "2011.09.25"]
[EventType "team-tourn"]
[EventRounds "11"]
[EventCountry "HUN"]
[SourceTitle "EXT 2013"]
[Source "ChessBase"]
[SourceDate "2012.11.22"]
[SourceVersion "1"]
[SourceVersionDate "2012.11.22"]
[SourceQuality "1"]
[WhiteTeam "Kaposvar Bastya"]
[BlackTeam "Dunaujvaros"]
[WhiteTeamCountry "HUN"]
[BlackTeamCountry "HUN"]

1. d4 d5 2. Nf3 Nf6 3. Bf4 c5 4. e3 Qb6 5. Qc1 Nc6 6. c3 Bg4 7. Nbd2 g6 8. h3 Bf5 9. g4 Bd7 10. Bd3 Bg7 11. Rb1 Rc8 12. Qd1 0-0 13. Ne5 Be8 14. Bg3 Nd7 15. Nxc6 bxc6 16. 0-0 f6 17. b4 cxd4 18. cxd4 e5 19. Nb3 Qxb4 20. Nc5 Qa5 21. Ba6 Rb8 22. Rxb8 Nxb8 23. Bb7 f5 24. Qc2 f4 25. exf4 exf4 26. Bh4 Bf7 27. Rd1 Re8 28. Bg5 f3 29. Be3 g5 30. Qd2 Qxd2 31. Rxd2 Bf8 32. Bxg5 Re1+ 0-1

[Event "Balaton op-A 29th"]
[Site "Heviz"]
[Date "2011.10.20"]
[Round "3"]
[White "Pirisi, Gabor"]
[Black "Varadi, Benedek"]
[Result "1/2-1/2"]
[WhiteElo "2249"]
[BlackElo "2043"]
[PlyCount "48"]
[EventDate "2011.10.18"]
[EventType "swiss"]
[EventRounds "9"]
[EventCountry "HUN"]
[SourceTitle "EXT 2012"]
[Source "ChessBase"]
[SourceDate "2011.11.24"]
[SourceVersion "1"]
[SourceVersionDate "2011.11.24"]
[SourceQuality "1"]

1. c4 c5 2. Nc3 g6 3. g3 Bg7 4. Bg2 Nc6 5. e3 d6 6. Nge2 e5 7. 0-0 Nge7 8. Nd5 0-0 9. a3 Be6 10. Rb1 a5 11. Nec3 f5 12. f4 h6 13. d3 g5 14. b4 axb4 15. axb4 cxb4 16. Nxe7+ Nxe7 17. Nd5 Bxd5 18. cxd5 exf4 19. gxf4 Qb6 20. Bd2 Bc3 21. fxg5 hxg5 22. d4 Bxd2 23. Qxd2 b3 24. Rb2 Ra3 1/2-1/2

[Event "HUN-chT2 Asztalos 1112"]
[Site "Hungary"]
[Date "2011.09.25"]
[Round "1.3"]
[White "Varadi, Benedek"]
[Black "Hovorka, Tamas"]
[Result "1/2-1/2"]
[WhiteElo "1941"]
[BlackElo "2078"]
[PlyCount "143"]
[EventDate "2011.09.25"]
[EventType "team-tourn"]
[EventRounds "11"]
[EventCountry "HUN"]
[SourceTitle "EXT 2013"]
[Source "ChessBase"]
[SourceDate "2012.11.22"]
[SourceVersion "1"]
[SourceVersionDate "2012.11.22"]
[SourceQuality "1"]
[WhiteTeam "Dunaujvaros"]
[BlackTeam "Pecs Karmin"]
[WhiteTeamCountry "HUN"]
[BlackTeamCountry "HUN"]

1. d4 d5 2. c4 c6 3. Nf3 Nf6 4. e3 Bg4 5. Nc3 e6 6. Qb3 Qb6 7. Be2 Nbd7 8. 0-0 Be7 9. cxd5 exd5 10. h3 Bh5 11. Nd2 Bxe2 12. Nxe2 0-0 13. Ng3 g6 14. f4 Qxb3 15. Nxb3 Bd6 16. Bd2 Rfe8 17. Na5 Rab8 18. b4 Bc7 19. Rab1 a6 20. Rfc1 Nb6 21. Ra1 Na4 22. Rab1 h5 23. Rb3 h4 24. Nf1 Ne4 25. Be1 Bd8 26. Nd2 Nxd2 27. Bxd2 Bf6 28. Kf2 Re7 29. Ra3 Nb6 30. Rd3 Rbe8 31. Rc2 Nc8 32. Nb3 Nd6 33. Bc1 Nc4 34. Na5 Nd6 35. Kf3 Nf5 36. Nb3 Nd6 37. a4 g5 38. fxg5 Bxg5 39. Nc5 Nc4 40. Re2 f5 41. a5 Kg7 42. Rc3 Kg6 43. Rb3 Bf6 44. Nd3 Bg5 45. Nc5 Kh5 46. Rc3 Bh6 47. Kf2 Rg8 48. Nd3 Rg3 49. Ne1 f4 50. Nc2 Reg7 51. Ne1 fxe3+ 52. Bxe3 Bxe3+ 53. Rcxe3 Rxe3 54. Rxe3 Nxe3 55. Kxe3 Re7+ 56. Kd2 Re4 57. Nf3 Kg6 58. Ne5+ Rxe5 59. dxe5 Kf5 60. Ke3 Kxe5 61. g3 hxg3 62. Kf3 g2 63. Kxg2 Kf5 64. Kf3 Kg5 65. Kg3 Kh5 66. h4 Kg6 67. Kg4 Kh6 68. h5 Kg7 69. Kf5 Kh7 70. Kg5 Kh8 71. Kg4 Kg7 72. Kf5 1/2-1/2

[Event "Lakitelek Magyarok op"]
[Site "Lakitelek"]
[Date "2011.08.10"]
[Round "6"]
[White "Nagy, Jozsef"]
[Black "Varadi, Benedek"]
[Result "0-1"]
[WhiteElo "1870"]
[BlackElo "1947"]
[PlyCount "54"]
[EventDate "2011.08.06"]
[EventType "swiss"]
[EventRounds "9"]
[EventCountry "HUN"]
[SourceTitle "CBM 144 Extra"]
[Source "ChessBase"]
[SourceDate "2011.10.28"]
[SourceVersion "1"]
[SourceVersionDate "2011.10.28"]
[SourceQuality "1"]

1. d4 d5 2. c4 c6 3. cxd5 cxd5 4. Nc3 Nf6 5. Bf4 Qb6 6. Qd2 Nc6 7. e3 Bf5 8. a3 e6 9. Nb5 Ne4 10. Nc7+ Qxc7 11. Bxc7 Nxd2 12. Kxd2 Rc8 13. Bg3 Na5 14. Bb5+ Kd8 15. Ke1 Nb3 16. Rd1 Bc2 17. Rd2 Nxd2 18. Kxd2 Be4 19. f3 Rc2+ 20. Kd1 Rxb2 21. fxe4 Rxb5 22. exd5 exd5 23. Ne2 Rb1+ 24. Nc1 Bxa3 25. Kc2 Rxc1+ 26. Rxc1 Bxc1 27. Kxc1 Kd7 0-1

[Event "Lakitelek Magyarok op"]
[Site "Lakitelek"]
[Date "2011.08.06"]
[Round "1"]
[White "Varadi, Benedek"]
[Black "Jakab, Kincso"]
[Result "1-0"]
[WhiteElo "1947"]
[BlackElo "1571"]
[PlyCount "99"]
[EventDate "2011.08.06"]
[EventType "swiss"]
[EventRounds "9"]
[EventCountry "HUN"]
[SourceTitle "CBM 144 Extra"]
[Source "ChessBase"]
[SourceDate "2011.10.28"]
[SourceVersion "1"]
[SourceVersionDate "2011.10.28"]
[SourceQuality "1"]

1. d4 d5 2. c4 e6 3. Nf3 Nf6 4. e3 Be7 5. Nc3 0-0 6. Bd3 dxc4 7. Bxc4 Nbd7 8. e4 b6 9. e5 Ne8 10. d5 exd5 11. Bxd5 Rb8 12. 0-0 Bb7 13. e6 Bxd5 14. Qxd5 fxe6 15. Qxe6+ Kh8 16. Rd1 Nd6 17. Nd5 Re8 18. Bf4 Bf6 19. Qh3 Ne5 20. Rac1 Nxf3+ 21. Qxf3 Rc8 22. Rc2 Rf8 23. Qd3 Rf7 24. Nxf6 gxf6 25. Bxd6 cxd6 26. Rxc8 Qxc8 27. Qxd6 Kg7 28. Qg3+ Kh8 29. h4 Rg7 30. Qd6 Qf5 31. Qd5 Qf4 32. g3 Qh6 33. Qc4 Qg6 34. Rd8+ Rg8 35. Rxg8+ Qxg8 36. Qxg8+ Kxg8 37. Kg2 Kg7 38. Kf3 a5 39. a4 Kf7 40. Ke4 Ke6 41. g4 h6 42. f4 Ke7 43. Kf5 Kf7 44. h5 Ke7 45. Kg6 Ke6 46. Kxh6 Kf7 47. g5 f5 48. g6+ Ke6 49. g7 Kd5 50. g8Q+ 1-0

[Event "Gyor op 2nd"]
[Site "Gyor"]
[Date "2011.07.16"]
[Round "7"]
[White "Varadi, Benedek"]
[Black "Somody, Robert"]
[Result "1/2-1/2"]
[WhiteElo "1947"]
[BlackElo "1949"]
[PlyCount "51"]
[EventDate "2011.07.13"]
[EventType "swiss"]
[EventRounds "9"]
[EventCountry "HUN"]
[SourceTitle "EXT 2017"]
[Source "ChessBase"]
[SourceDate "2016.10.25"]
[SourceVersion "1"]
[SourceVersionDate "2016.10.25"]
[SourceQuality "1"]

1. d4 d5 2. c4 c6 3. Nc3 Nf6 4. e3 e6 5. Nf3 Nbd7 6. Bd3 dxc4 7. Bxc4 b5 8. Bd3 Bb7 9. e4 a6 10. e5 Nd5 11. Nxd5 cxd5 12. 0-0 Be7 13. Be3 Nb8 14. a4 b4 15. Nd2 Nc6 16. f4 g6 17. Qf3 Qb6 18. Nb3 Na5 19. Nxa5 Qxa5 20. Rfc1 Rc8 21. Rxc8+ Bxc8 22. Rc1 0-0 23. b3 Bb7 24. g4 Rc8 25. Rxc8+ Bxc8 26. Qe2 1/2-1/2

[Event "Gyor op 2nd"]
[Site "Gyor"]
[Date "2011.07.14"]
[Round "2"]
[White "Molnar, Emil"]
[Black "Varadi, Benedek"]
[Result "0-1"]
[WhiteElo "2095"]
[BlackElo "1947"]
[PlyCount "138"]
[EventDate "2011.07.13"]
[EventType "swiss"]
[EventRounds "9"]
[EventCountry "HUN"]
[SourceTitle "EXT 2017"]
[Source "ChessBase"]
[SourceDate "2016.10.25"]
[SourceVersion "1"]
[SourceVersionDate "2016.10.25"]
[SourceQuality "1"]

1. Nf3 g6 2. c4 Bg7 3. Nc3 e5 4. g3 Nc6 5. Bg2 Nge7 6. 0-0 0-0 7. d3 d6 8. Rb1 a5 9. b3 f5 10. Nd5 Nxd5 11. cxd5 Nb4 12. Ng5 Nxa2 13. Bd2 Nb4 14. Bxb4 axb4 15. Ne6 Bxe6 16. dxe6 d5 17. e4 c6 18. exf5 gxf5 19. Qh5 Qf6 20. Bh3 Qxe6 21. Ra1 Qg6 22. Qh4 Rxa1 23. Rxa1 Qh6 24. Qxh6 Bxh6 25. Ra7 Rf7 26. Kf1 Kg7 27. Ke2 Kf6 28. f3 Bf8 29. Ra8 Bc5 30. Rb8 Bd6 31. Rd8 Ke7 32. Rg8 c5 33. g4 fxg4 34. Bxg4 b5 35. Bh5 Rf4 36. h3 c4 37. Rg7+ Kf8 38. Rb7 Rd4 39. Rxb5 Rxd3 40. Bg4 Rd4 41. Be6 c3 42. Rxd5 c2 43. Rxd4 c1Q 44. Rxd6 Ke7 45. Ra6 Qc2+ 46. Ke3 Qc5+ 47. Ke2 h5 48. Bc4 Qd4 49. Re6+ Kd7 50. Rh6 h4 51. Rh7+ Kd6 52. Rh8 Qf4 53. Rd8+ Ke7 54. Rd5 e4 55. fxe4 Qxe4+ 56. Kf2 Qf4+ 57. Ke2 Qh2+ 58. Kf3 Qxh3+ 59. Kf4 Qg3+ 60. Kf5 h3 61. Re5+ Kd7 62. Be6+ Kc7 63. Bd5 h2 64. Re6 Qh3+ 65. Ke5 h1Q 66. Bxh1 Qxh1 67. Re7+ Kb6 68. Re6+ Kc5 69. Rf6 Qd5+ 0-1

[Event "HUN-ch U14"]
[Site "Celldoemoelk"]
[Date "2011.06.27"]
[Round "2"]
[White "Juhasz, Armin"]
[Black "Varadi, Benedek"]
[Result "1/2-1/2"]
[WhiteElo "2139"]
[BlackElo "1953"]
[PlyCount "90"]
[EventDate "2011.06.27"]
[EventType "swiss"]
[EventRounds "9"]
[EventCountry "HUN"]
[SourceTitle "EXT 2012"]
[Source "ChessBase"]
[SourceDate "2011.11.24"]
[SourceVersion "1"]
[SourceVersionDate "2011.11.24"]
[SourceQuality "1"]

1. d4 d5 2. c4 e6 3. Nc3 Nf6 4. cxd5 exd5 5. Bg5 Be7 6. e3 h6 7. Bf4 Be6 8. Qb3 Bc8 9. Bd3 0-0 10. Nf3 c6 11. h3 Qb6 12. Qc2 Be6 13. 0-0 Nbd7 14. Na4 Qa5 15. a3 c5 16. dxc5 Nxc5 17. Nxc5 Qxc5 18. Qxc5 Bxc5 19. b4 Bb6 20. Rac1 Rac8 21. Nd4 Bxd4 22. exd4 Rxc1 23. Rxc1 Rc8 24. Rxc8+ Bxc8 25. f3 a6 26. a4 Bd7 27. b5 axb5 28. axb5 Nh5 29. Bd6 f5 30. Kf2 Kf7 31. g4 fxg4 32. hxg4 Nf6 33. Ke3 h5 34. gxh5 Nxh5 35. Kd2 Ke6 36. Be5 g5 37. Bf1 Nf4 38. Kc3 Ng6 39. Bb8 Nh4 40. Be2 Be8 41. Kd2 Bh5 42. Ke3 Nf5+ 43. Kd3 Nh4 44. Ke3 Nf5+ 45. Kd3 Nh4 1/2-1/2

[Event "HUN-ch U14"]
[Site "Celldoemoelk"]
[Date "2011.06.27"]
[Round "1"]
[White "Varadi, Benedek"]
[Black "Vida, Krisztian"]
[Result "1-0"]
[WhiteElo "1953"]
[BlackElo "1555"]
[PlyCount "81"]
[EventDate "2011.06.27"]
[EventType "swiss"]
[EventRounds "9"]
[EventCountry "HUN"]
[SourceTitle "EXT 2012"]
[Source "ChessBase"]
[SourceDate "2011.11.24"]
[SourceVersion "1"]
[SourceVersionDate "2011.11.24"]
[SourceQuality "1"]

1. c4 e5 2. Nc3 Nf6 3. g3 Nc6 4. Bg2 d6 5. Nf3 Be7 6. 0-0 0-0 7. d3 h6 8. Rb1 Be6 9. b4 Rc8 10. e4 Bg4 11. Qa4 Bxf3 12. Bxf3 a6 13. Bg2 Qd7 14. Nd5 Nxd5 15. cxd5 Nb8 16. Qd1 c6 17. Qh5 Qc7 18. Bh3 Nd7 19. Bxh6 gxh6 20. Qg4+ Kh7 21. Qxd7 Qxd7 22. Bxd7 Rc7 23. dxc6 bxc6 24. Bf5+ Kg7 25. Rfc1 c5 26. bxc5 dxc5 27. Kf1 Rd8 28. Ke2 Rd4 29. Rb6 Ra4 30. Rc2 a5 31. Rb5 Ra7 32. Rb8 Rb4 33. Rc8 a4 34. f4 exf4 35. gxf4 a3 36. Kf3 Rb2 37. Rc1 Rxa2 38. Rg1+ Kf6 39. Rc6+ Bd6 40. e5+ Ke7 41. Rxd6 1-0

[Event "HUN-chT2 Asztalos 1011"]
[Site "Hungary"]
[Date "2011.05.01"]
[Round "10.5"]
[White "Varadi, Benedek"]
[Black "Molnar, Norbert"]
[Result "1-0"]
[WhiteElo "1841"]
[BlackElo "1904"]
[PlyCount "83"]
[EventDate "2010.09.12"]
[EventType "team-tourn"]
[EventRounds "11"]
[EventCountry "HUN"]
[SourceTitle "EXT 2012"]
[Source "ChessBase"]
[SourceDate "2011.11.24"]
[SourceVersion "1"]
[SourceVersionDate "2011.11.24"]
[SourceQuality "1"]
[WhiteTeam "Dunajvaros"]
[BlackTeam "Dombovar"]
[WhiteTeamCountry "HUN"]
[BlackTeamCountry "HUN"]

1. d4 Nf6 2. c4 g6 3. Nc3 Bg7 4. e4 d6 5. Nf3 0-0 6. Be2 Nc6 7. d5 Ne5 8. Nxe5 dxe5 9. Be3 e6 10. Qd2 exd5 11. cxd5 Qe7 12. 0-0-0 a6 13. f3 b5 14. g4 Bd7 15. h4 b4 16. Nb1 Bb5 17. h5 Bxe2 18. Qxe2 a5 19. Qc4 Rfd8 20. hxg6 hxg6 21. Nd2 Nd7 22. Qe2 Qf6 23. Kb1 Qa6 24. Qxa6 Rxa6 25. Rc1 Rc8 26. Rc2 c5 27. Rhc1 Bf8 28. Nb3 Rf6 29. f4 a4 30. Nxc5 Nxc5 31. fxe5 Rf3 32. Bxc5 b3 33. Rc4 Bh6 34. Rd1 Be3 35. d6 Rxc5 36. d7 Rxc4 37. d8Q+ Kg7 38. axb3 axb3 39. Rh1 Rh3 40. Qf6+ Kf8 41. Rd1 Rh7 42. Qd8+ 1-0

[Event "Arco op 32nd"]
[Site "Arco"]
[Date "2010.10.24"]
[Round "9"]
[White "Varadi, Benedek"]
[Black "Kierzek, Mira"]
[Result "1/2-1/2"]
[WhiteElo "1950"]
[BlackElo "2053"]
[PlyCount "74"]
[EventDate "2010.10.16"]
[EventType "swiss"]
[EventRounds "9"]
[EventCountry "ITA"]
[SourceTitle "EXT 2024"]
[Source "ChessBase"]
[SourceDate "2023.10.10"]
[SourceVersion "1"]
[SourceVersionDate "2023.10.10"]
[SourceQuality "1"]

1. Nf3 Nf6 2. d4 d5 3. c4 c6 4. e3 e6 5. Nbd2 Be7 6. b3 0-0 7. Bd3 Nbd7 8. 0-0 c5 9. Bb2 b6 10. e4 dxe4 11. Nxe4 Bb7 12. Qe2 Qc7 13. Rad1 Qf4 14. Bc1 Qc7 15. Bb2 Rad8 16. dxc5 bxc5 17. Nxf6+ Nxf6 18. Bxf6 Bxf6 19. Be4 Bxe4 20. Qxe4 h6 21. h3 Qa5 22. Qc2 a6 23. g3 Qa3 24. Nd2 Bd4 25. Nb1 Qa5 26. Qd2 Qc7 27. Kh2 Qe5 28. Rde1 Qf6 29. Qe2 Rd6 30. Nd2 Rfd8 31. Ne4 Qg6 32. Nxd6 Rxd6 33. Rd1 e5 34. a3 Rb6 35. Rb1 Qd6 36. Qe4 Qb8 37. Qd3 a5 1/2-1/2